000 00688nam a2200193 a 4500
005 20210219160139.0
008 080818s1982 mx r 000 0 spa d
020 _a9230020222
035 _aUPN01000159376
049 _aUNE
080 _aOC 023 (100) GRO.
100 1 _aGrolier, Eric de
245 1 0 _aInventario de las actividades de formación en la esfera de la bibliotecología, las ciencias de la información y la archivología /
_ccompilado y redactado por Eric de Grolier.
260 _aParís :
_bUNESCO,
_c1982.
300 _a61 p.
690 _aInformacion, bibliotecas, escuelas - Directorios
710 2 _aPrograma General de Información y UNISIST
905 _aUNESCO
999 _c131490
_d131490